Music Quiz

Random Music or Rock Quiz

Self-Titled Albums Quiz Stats

 Plays Quiz Updated Dec 5, 2018

     
Support Sporcle.
Go Orange.
Score 0/24 Timer 07:00
0 Plays Today
Tracks Album % Correct
Enter Sandman, The Unforgiven, The Struggle WithinMetallica
85.3%
Undone - The Sweater Song, Buddy Holly, Say It Ain't SoWeezer
72.4%
Blackbird, Dear Prudence, Sexy SadieThe Beatles (The White Album)
72.1%
Sugar Daddy, Landslide, RhiannonFleetwood Mac
49.6%
American Girl, Breakdown, Anything That's Rock 'n' RollTom Petty & The Heartbreakers
48.2%
Gasoline, Show Me How To Live, Like a StoneAudioslave
36%
Twentieth Century Fox, The End, Soul KitchenThe Doors
33.3%
Police & Thieves, Cheat, White RiotThe Clash
32.5%
Bombtrack, Township Rebellion, Wake UpRage Against The Machine
29.1%
Kyle Quit The Band, Wonderboy, One Note SongTenacious D
29%
The Night They Drove Old Dixie Down, Rag Mama Rag, Across the Great DivideThe Band
27.6%
Mona (I Need You Baby), Can I Get A Witness, I Just Want to Make Love to YouThe Rolling Stones
27.5%
Tracks Album % Correct
I Miss You, Always, GoBlink-182
25.8%
For All the Cows, Big Me, Good GriefFoo Fighters
24.7%
Now I Wanna Sniff Some Glue, 53rd & 3rd, Havana AffairThe Ramones
22.8%
Keep Yourself Alive, Liar, Son and DaughterQueen
21.2%
Baby Let Me Follow You Down, Pretty Peggy-O, Fixin' to DieBob Dylan
17.6%
She Bangs the Drums, Made Of Stone, This Is The OneThe Stone Roses
16.8%
Darts Of Pleasure, Auf Achse, JacquelineFranz Ferdinand
16.5%
Pale Blue Eyes, After Hours, Candy SaysThe Velvet Underground
13.6%
Reel Around the Fountain, Still Ill, What Difference Does It Make?The Smiths
12.1%
What Katie Did, What Became Of The Likely Lads, Can't Stand Me NowThe Libertines
11.7%
The Big Three Killed My Baby, Suzy Lee, St. James Infirmary BluesThe White Stripes
10.2%
Regular John, If Only, MexicolaQueens Of The Stone Age
6.8%

From the Vault

The 3rd Thing You Need to Know: Actors

by MrWhiplash

Movies 4m
It's okay if you don't know the first thing about movies, you just have to know the third thing.
Remove Ads.
Support Sporcle.
Get the best of Sporcle when you Go Orange. This ad-free experience offers more features, more stats, and more fun while also helping to support Sporcle. Thank you for becoming a member.

Show Comments

Extras

Top Quizzes Today


Score Distribution

Your Account Isn't Verified!

In order to create a playlist on Sporcle, you need to verify the email address you used during registration. Go to your Sporcle Settings to finish the process.

Report this User

Report this user for behavior that violates our Community Guidelines.

Details: